Kurzgefasste assyrische Grammatik /

Bibliographic Details
Main Author: Meissner, Bruno, 1868-1947
Format: Book
Language:German
Published: Leipzig : J. C. Hinrichs, 1907.
Series:Hifsbücher zur Kunde des alten Orients. 3. Bd
Subjects:

MARC

Tag First Indicator Second Indicator Subfields
LEADER 00000cam a2200000 4500
001 in00000012892
005 20151007052258.0
008 760922s1907 gw 00010 ger
010 |a  08014820  
035 |a (OCoLC)02457516 
035 |9 AAA7090AM 
040 |a DLC  |c ITD  |d SER  |d TXA  |d UtOrBLW 
049 |a TXAM  |c [A11047389] 
050 0 0 |a PJ3251  |b .M4 
100 1 |a Meissner, Bruno,  |d 1868-1947. 
245 1 0 |a Kurzgefasste assyrische Grammatik /  |c von Bruno Meissner. 
264 1 |a Leipzig :  |b J. C. Hinrichs,  |c 1907. 
300 |a v, 80 pages ;  |c 23 cm. 
336 |a text  |b txt  |2 rdacontent 
337 |a unmediated  |b n  |2 rdamedia 
338 |a volume  |b nc  |2 rdacarrier 
490 0 |a Hifsbücher zur Kunde des alten Orients. 3. Bd 
650 0 |a Akkadian language  |x Grammar. 
999 |a MARS 
999 f f |s f92a1598-f3fd-33b1-90d0-355ce7c25013  |i 95e2dbbf-0206-387a-8dd0-098b23dcfeae  |t 0 
952 f f |p ric  |a Texas A&M University  |b Rellis Campus  |c Joint Library Facility  |d Remote Storage  |t 0  |e PJ3251 .M4  |h Library of Congress classification  |i unmediated -- volume  |m A14811047389 
998 f f |a PJ3251 .M4  |t 0  |l Remote Storage